[Event "XXIIè OPEN DEL CATALUNYA ESCAC"]
[Site "Casinet de Hostafrancs"]
[Date "2008.03.16"]
[Round "1.1"]
[White "Valbuena Castro, Gregorio"]
[Black "Garcia Jimenez, Francisco J"]
[Result "0-1"]
[WhiteElo "1854"]
[BlackElo "2282"]
[PlyCount "46"]
[EventDate "2008.03.16"]

1. e4 d5 2. exd5 Qxd5 3. Nc3 Qd6 4. d4 Nf6 5. Nf3 a6 6. Bg5 Bg4 7. Bc4 Nc6 8.
Bxf6 gxf6 9. Nd5 Bxf3 10. gxf3 Na5 11. Qd3 Nxc4 12. Qxc4 O-O-O 13. Nc3 Qxd4 14.
Qxf7 Qd2+ 15. Kf1 Qxc2 16. Ne4 Bh6 17. Qxe7 f5 18. Kg2 fxe4 19. Qe6+ Kb8 20.
Qxh6 exf3+ 21. Kh3 Qf5+ 22. Kh4 Rd4+ 23. Kg3 Qg4# 0-1

[Event "XXIIè OPEN DEL CATALUNYA ESCAC"]
[Site "Casinet de Hostafrancs"]
[Date "2008.03.16"]
[Round "1.2"]
[White "Ruiz Mata, Oscar"]
[Black "Matamoros Sibira, Joan"]
[Result "1-0"]
[WhiteElo "2256"]
[BlackElo "1850"]
[PlyCount "47"]
[EventDate "2008.03.16"]

1. d4 Nf6 2. c4 g6 3. Nc3 Bg7 4. e4 d6 5. f3 O-O 6. Be3 Nbd7 7. Nh3 e5 8. d5 a6
9. Bd3 Nc5 10. Nf2 Nxd3+ 11. Nxd3 Rb8 12. c5 Ne8 13. Qd2 Bd7 14. O-O-O dxc5 15.
Nxc5 Nd6 16. Nxd7 Qxd7 17. Bc5 Rfc8 18. Bxd6 cxd6 19. Kb1 b5 20. Rc1 b4 21. Ne2
a5 22. Rxc8+ Rxc8 23. Rc1 f5 24. Rxc8+ 1-0

[Event "XXIIè OPEN DEL CATALUNYA ESCAC"]
[Site "Casinet de Hostafrancs"]
[Date "2008.03.16"]
[Round "1.3"]
[White "Salazar Navas, Josep"]
[Black "Martin Grillo, Ruben"]
[Result "0-1"]
[WhiteElo "1845"]
[BlackElo "2215"]
[PlyCount "80"]
[EventDate "2008.03.16"]

1. e4 c5 2. Nc3 Nc6 3. g3 g6 4. Bg2 Bg7 5. d3 e6 6. Be3 Nd4 7. Nce2 d6 8. c3
Nxe2 9. Nxe2 Ne7 10. Qd2 O-O 11. Bh6 Rb8 12. h4 f6 13. Bxg7 Kxg7 14. h5 g5 15.
h6+ Kh8 16. f4 Rg8 17. d4 e5 18. O-O-O Bg4 19. dxe5 dxe5 20. Qe3 Qb6 21. fxe5
fxe5 22. Bh3 Bxe2 23. Qxe2 Rbd8 24. Rd7 Qxh6 25. Rxd8 Rxd8 26. Bg2 Qg6 27. Qc4
b6 28. Rf1 Kg7 29. Bh3 Rf8 30. Rxf8 Kxf8 31. Qd3 g4 32. Bf1 Qf7 33. Be2 h5 34.
Qd6 Qg7 35. Bc4 Qg5+ 36. Kc2 Kg7 37. Qc7 Qf6 38. Qxa7 h4 39. gxh4 g3 40. Qd7 g2
0-1

[Event "XXIIè OPEN DEL CATALUNYA ESCAC"]
[Site "Casinet de Hostafrancs"]
[Date "2008.03.16"]
[Round "1.4"]
[White "Capellades Subirana, Marc"]
[Black "Barroso Quinones, Antonio"]
[Result "1-0"]
[WhiteElo "2214"]
[BlackElo "1831"]
[PlyCount "73"]
[EventDate "2008.03.16"]

1. e4 e5 2. Nf3 Nf6 3. Nc3 Nc6 4. h3 Bc5 5. Bc4 O-O 6. d3 d6 7. Bg5 h6 8. Be3
a6 9. Qd2 b5 10. Bb3 Nd4 11. Ne2 Nxb3 12. axb3 Bxe3 13. fxe3 d5 14. exd5 Nxd5
15. O-O Qd6 16. Ng3 f5 17. e4 f4 18. exd5 fxg3 19. c4 Bd7 20. Qe1 Bf5 21. Nxe5
Qb6+ 22. Kh1 bxc4 23. bxc4 Bxh3 24. Qxg3 Bf5 25. Nc6 Qxb2 26. Rae1 Bh7 27. Rf3
Rf6 28. d4 Rxf3 29. Qxf3 Kh8 30. Qf7 Rg8 31. Qxc7 Qf2 32. Qe5 Rf8 33. Qe3 Qc2
34. Qe2 Qf5 35. d6 Qd7 36. Qe7 Qf5 37. d7 1-0

[Event "XXIIè OPEN DEL CATALUNYA ESCAC"]
[Site "Casinet de Hostafrancs"]
[Date "2008.03.16"]
[Round "1.5"]
[White "Mendez Garcia, Juan Ignacio"]
[Black "Ridameya Tatche, Jose"]
[Result "0-1"]
[WhiteElo "1825"]
[BlackElo "2141"]
[PlyCount "80"]
[EventDate "2008.03.16"]

1. d4 d5 2. c4 dxc4 3. e3 e5 4. Bxc4 exd4 5. Qxd4 Qxd4 6. exd4 Nc6 7. Be3 Nf6
8. h3 Nb4 9. Bb3 Bf5 10. Kf1 Bd6 11. Nf3 O-O 12. Nc3 Rfe8 13. a3 Nc2 14. Bxc2
Bxc2 15. Rc1 Bf5 16. Ke2 c6 17. Rhe1 Rad8 18. Kd2 Ne4+ 19. Kd1 h6 20. Nd2 Nf6
21. Nf3 c5 22. Ke2 cxd4 23. Nxd4 Bg6 24. Kf1 a6 25. Nb3 Rc8 26. Bd4 Bf4 27.
Rxe8+ Rxe8 28. Ra1 Ne4 29. Re1 Nd2+ 30. Nxd2 Bd3+ 31. Ne2 Bxd2 32. Be3 Bxe1 33.
Kxe1 Bxe2 34. Kxe2 f5 35. Kd3 Kf7 36. f3 Ke6 37. g4 fxg4 38. fxg4 Kd5 39. h4
Re4 40. g5 Rxh4 0-1

[Event "XXIIè OPEN DEL CATALUNYA ESCAC"]
[Site "Casinet de Hostafrancs"]
[Date "2008.03.16"]
[Round "1.6"]
[White "Lacasta Palacios, Joaquim"]
[Black "Gias Ramon, Jose Luis"]
[Result "1-0"]
[WhiteElo "2120"]
[BlackElo "1807"]
[PlyCount "54"]
[EventDate "2008.03.16"]

1. g3 g6 2. Bg2 Bg7 3. f4 f5 4. Nf3 Nf6 5. O-O O-O 6. d3 d6 7. Nc3 Nc6 8. e4 e5
9. fxe5 Nxe5 10. Nxe5 dxe5 11. exf5 Qd4+ 12. Kh1 Ng4 13. Qe1 Rxf5 14. Rxf5 Bxf5
15. h3 Nf2+ 16. Kh2 Nxd3 17. cxd3 Bxd3 18. Be3 Qb4 19. Bd5+ Kh8 20. Qd2 Rd8 21.
a3 Qd6 22. Qxd3 c6 23. Rd1 cxd5 24. Qxd5 Qxd5 25. Rxd5 Rxd5 26. Nxd5 a6 27. Kg2
Kg8 1-0

[Event "XXIIè OPEN DEL CATALUNYA ESCAC"]
[Site "Casinet de Hostafrancs"]
[Date "2008.03.16"]
[Round "1.7"]
[White "Ani, Virgil"]
[Black "Fernandez Gonzalez, Julio Honor"]
[Result "0-1"]
[WhiteElo "1786"]
[BlackElo "2105"]
[PlyCount "78"]
[EventDate "2008.03.16"]

1. d4 Nf6 2. e3 d5 3. Bd3 g6 4. c3 Bg7 5. Nf3 Nbd7 6. O-O O-O 7. Nbd2 c5 8. Re1
b6 9. Nf1 Bb7 10. Ng3 Qc7 11. Bb5 a6 12. Bxd7 Nxd7 13. e4 dxe4 14. Nxe4 Rad8
15. Ng3 Ne5 16. Nxe5 Bxe5 17. Be3 Bg7 18. Rc1 Qc6 19. f3 e5 20. Qc2 exd4 21.
cxd4 Bxd4 22. Bxd4 Rxd4 23. Re7 Rd7 24. Rce1 Rxe7 25. Rxe7 Qd5 26. Ne4 Qd4+ 27.
Nf2 Bd5 28. Rd7 Re8 29. h3 Re1+ 30. Kh2 Qe5+ 31. g3 Re2 32. Rxd5 Rxc2 33. Rxe5
Rxf2+ 34. Kg1 Rxb2 35. Re8+ Kg7 36. Rb8 c4 37. Rc8 b5 38. a4 bxa4 39. Rxc4 a3
0-1

[Event "XXIIè OPEN DEL CATALUNYA ESCAC"]
[Site "Casinet de Hostafrancs"]
[Date "2008.03.16"]
[Round "1.8"]
[White "Roca Diaz, Miguel Angel"]
[Black "Rosell Palau, Joan"]
[Result "1-0"]
[WhiteElo "2096"]
[BlackElo "1783"]
[PlyCount "63"]
[EventDate "2008.03.16"]

1. Nf3 d5 2. g3 Nf6 3. c4 e6 4. Bg2 dxc4 5. Qa4+ Qd7 6. Qxc4 Qc6 7. b3 Qxc4 8.
bxc4 c5 9. Nc3 a6 10. O-O Nc6 11. Rb1 Bd6 12. Na4 Bc7 13. Nxc5 Rb8 14. Ng5 Na5
15. d3 h6 16. Nge4 Nxe4 17. Bxe4 b5 18. Bd2 O-O 19. a4 Bd6 20. Bxa5 Bxc5 21.
Bc7 Bb7 22. Bxb8 Bxe4 23. dxe4 Rxb8 24. cxb5 axb5 25. Rxb5 Rc8 26. a5 Kf8 27.
a6 Bd4 28. e3 Ba7 29. Rb7 Ra8 30. Rfb1 Ke8 31. Rc7 g5 32. Rbb7 1-0

[Event "XXIIè OPEN DEL CATALUNYA ESCAC"]
[Site "Casinet de Hostafrancs"]
[Date "2008.03.16"]
[Round "1.9"]
[White "Aunes Cabanero, Jose"]
[Black "Julbe Canet, Josep"]
[Result "1/2-1/2"]
[WhiteElo "1740"]
[BlackElo "2090"]
[PlyCount "108"]
[EventDate "2008.03.16"]

1. e4 e5 2. Nf3 Nc6 3. Bb5 a6 4. Ba4 Nf6 5. O-O b5 6. Bb3 Be7 7. Re1 O-O 8. c3
d5 9. exd5 Nxd5 10. d4 exd4 11. Nxd4 Bb7 12. Nf5 Nf6 13. Bg5 Qxd1 14. Nxe7+
Nxe7 15. Rxd1 Rad8 16. Na3 c5 17. Re1 Rd7 18. Rad1 Rxd1 19. Rxd1 Be4 20. f3 Bg6
21. Bxf6 gxf6 22. Rd6 c4 23. Bc2 Kg7 24. Rxa6 Rd8 25. Bxg6 Nxg6 26. Nxb5 Rd2
27. Nd4 Rxb2 28. Nf5+ Kg8 29. Ra8+ Nf8 30. a4 Rc2 31. Ne7+ Kg7 32. Nd5 Nd7 33.
a5 Rd2 34. Nb6 Nxb6 35. axb6 Rb2 36. Ra6 h5 37. h4 Kg6 38. Kh2 Kf5 39. Kg3 Rb5
40. Kf2 Ke5 41. Ke3 f5 42. f4+ Kd5 43. g3 f6 44. b7 Rxb7 45. Rxf6 Re7+ 46. Kf3
Rd7 47. Rxf5+ Kc6 48. Rxh5 Rd3+ 49. Ke2 Rxg3 50. Rg5 Rxc3 51. h5 Rh3 52. Kd2
Kd6 53. f5 Ke5 54. f6+ Kxf6 1/2-1/2

[Event "XXIIè OPEN DEL CATALUNYA ESCAC"]
[Site "Casinet de Hostafrancs"]
[Date "2008.03.16"]
[Round "1.10"]
[White "Slimani, Abderezzak"]
[Black "Capdevila Masgrau, Jose"]
[Result "1-0"]
[WhiteElo "2085"]
[BlackElo "1689"]
[PlyCount "124"]
[EventDate "2008.03.16"]

1. e4 e5 2. Bc4 d6 3. d3 Nf6 4. Nc3 Nc6 5. Bg5 Be7 6. Nf3 O-O 7. h3 Be6 8. O-O
Bxc4 9. dxc4 Nd7 10. Bxe7 Nxe7 11. Nd5 Nc5 12. Qe2 Ne6 13. g3 Ng6 14. Ne3 Ng5
15. Nxg5 Qxg5 16. Kh2 Ne7 17. f4 exf4 18. gxf4 Qh4 19. Ng2 Qh6 20. Rad1 f5 21.
e5 Qe6 22. Rfe1 dxe5 23. Qxe5 Qxe5 24. Rxe5 Nc6 25. Rb5 b6 26. Rd7 Rf7 27. Rxf7
Kxf7 28. Rxf5+ Ke6 29. Rg5 Kf6 30. Ne3 Ne7 31. Kg2 h6 32. Nd5+ Nxd5 33. Rxd5
Ke6 34. Kf3 Rf8 35. Ke4 g6 36. Re5+ Kd6 37. h4 Rf6 38. c5+ bxc5 39. Rd5+ Kc6
40. f5 gxf5+ 41. Rxf5 Re6+ 42. Re5 Rf6 43. Rh5 Kd6 44. Rd5+ Kc6 45. Rf5 Rd6 46.
Ke3 Rg6 47. h5 Rd6 48. Rf4 a5 49. Rg4 Kb5 50. a4+ Kc6 51. Rg6 Kd7 52. Rg7+ Kc6
53. Ke4 c4 54. Rg6 Kc5 55. c3 Rd2 56. Rxh6 Rxb2 57. Ra6 Rb3 58. Rxa5+ Kb6 59.
Rb5+ Kc6 60. Rxb3 cxb3 61. Kd3 Kd7 62. h6 c5 1-0

[Event "XXIIè OPEN DEL CATALUNYA ESCAC"]
[Site "Casinet de Hostafrancs"]
[Date "2008.03.16"]
[Round "1.11"]
[White "Prunes Bosch, Alex"]
[Black "Severri Arrese, Carlos"]
[Result "1-0"]
[WhiteElo "1689"]
[BlackElo "2061"]
[PlyCount "153"]
[EventDate "2008.03.16"]

1. d4 d6 2. e4 g6 3. Nf3 c6 4. a4 Bg7 5. Nc3 Bg4 6. Be3 Nf6 7. h3 Bxf3 8. Qxf3
O-O 9. Bc4 Nbd7 10. O-O Kh8 11. Ne2 Nxe4 12. Qxe4 d5 13. Qd3 dxc4 14. Qxc4 e5
15. Rad1 Qe7 16. d5 Rac8 17. dxc6 Rxc6 18. Qd3 Nb6 19. b3 Re8 20. a5 Nc8 21. c4
Rd6 22. Qc2 Rxd1 23. Rxd1 Rd8 24. Nc3 f5 25. Rxd8+ Qxd8 26. b4 f4 27. Bc1 Ne7
28. Qd2 Qc8 29. Nb5 Qxc4 30. Nxa7 Qd5 31. b5 Qc5 32. b6 Nd5 33. Ba3 Qc4 34. Nc8
Bf6 35. Nd6 Qd4 36. Qxd4 exd4 37. Nxb7 d3 38. Bc1 Bc3 39. Nc5 Bxa5 40. b7 Bc7
41. Nxd3 g5 42. Nc5 Kg8 43. Ne6 Bb8 44. Nxg5 Nc3 45. Kf1 h6 46. Ne6 f3 47. Nc5
fxg2+ 48. Kxg2 Kh7 49. Nd7 Bc7 50. b8=Q Bxb8 51. Nxb8 Kg6 52. Nd7 h5 53. h4 Kf5
54. f3 Ke6 55. Nc5+ Kf5 56. Bd2 Ne2 57. Ne4 Nd4 58. Be3 Nc2 59. Ng3+ Kg6 60.
Kf2 Nb4 61. Bg5 Nc6 62. Ke3 Ne5 63. Ke4 Nc4 64. f4 Nd2+ 65. Ke5 Nf3+ 66. Ke6
Nd4+ 67. Kd7 Kf7 68. Nxh5 Kg6 69. Ng3 Kh7 70. h5 Nf3 71. Ke8 Kg7 72. Nf5+ Kh7
73. Nd6 Nd4 74. f5 Nf3 75. Bc1 Ne5 76. f6 Ng4 77. f7 1-0

[Event "XXIIè OPEN DEL CATALUNYA ESCAC"]
[Site "Casinet de Hostafrancs"]
[Date "2008.03.17"]
[Round "2.1"]
[White "Garcia Jimenez, Francisco J"]
[Black "Garcia Riera, Josep"]
[Result "0-1"]
[WhiteElo "2282"]
[BlackElo "2012"]
[PlyCount "102"]
[EventDate "2008.03.16"]

1. e4 Nf6 2. Nc3 d5 3. e5 d4 4. Nce2 Ng4 5. f4 d3 6. cxd3 Qxd3 7. Nf3 c5 8. Nc3
Qd8 9. Qb3 e6 10. Bb5+ Bd7 11. d4 cxd4 12. Nxd4 Bc5 13. Qc4 Bxd4 14. Qxd4 Nc6
15. Qd1 h5 16. Be2 Qb6 17. Bxg4 hxg4 18. Qe2 Nd4 19. Qd3 Bc6 20. Ne4 Bxe4 21.
Qxe4 Rc8 22. Be3 Qb4+ 23. Bd2 Qb6 24. Rc1 O-O 25. Bc3 Rfd8 26. Rd1 Rc4 27. Qb1
Nf5 28. Rxd8+ Qxd8 29. O-O Qb6+ 30. Kh1 Ne3 31. Re1 Nd5 32. f5 Nxc3 33. Qd3 Qd4
34. Qxd4 Rxd4 35. bxc3 Rd2 36. fxe6 fxe6 37. g3 Rxa2 38. Rd1 b5 39. Rd7 a5 40.
Rb7 Rb2 41. c4 b4 42. c5 Rc2 43. Rb5 b3 44. Rxb3 Rxc5 45. Re3 a4 46. Kg2 Kf7
47. Ra3 Ra5 48. Kf2 Kg6 49. Ke3 Kf5 50. Kd4 g6 51. h4 gxh3 0-1

[Event "XXIIè OPEN DEL CATALUNYA ESCAC"]
[Site "Casinet de Hostafrancs"]
[Date "2008.03.17"]
[Round "2.2"]
[White "Marina De La Torre, Ivan"]
[Black "Ruiz Mata, Oscar"]
[Result "0-1"]
[WhiteElo "2009"]
[BlackElo "2256"]
[PlyCount "110"]
[EventDate "2008.03.16"]

1. d4 d5 2. c4 c6 3. Nc3 e6 4. e3 Nf6 5. Nf3 Be7 6. Bd2 O-O 7. g4 Ne4 8. Qc2 f5
9. gxf5 Nxc3 10. Bxc3 exf5 11. O-O-O Be6 12. Ne5 Nd7 13. f4 Nxe5 14. dxe5 Qe8
15. Qb3 Bc5 16. Bd4 Qe7 17. Kb1 Kh8 18. Rg1 Rab8 19. cxd5 Bxd5 20. Bc4 Be4+ 21.
Bd3 Bf3 22. Rdf1 Bd5 23. Bc4 Bxd4 24. exd4 Rbd8 25. Rg3 Be4+ 26. Bd3 Rxd4 27.
Bxe4 Rxe4 28. Rd3 Rd8 29. Qd1 Rxd3 30. Qxd3 h6 31. Qd2 c5 32. Rf3 Qh4 33. Rf1
Qe7 34. Rf3 c4 35. a3 Kh7 36. Rf1 b5 37. Re1 Qb7 38. Ka1 Rxe1+ 39. Qxe1 Qe4 40.
Qd2 Qd3 41. Qe1 Kg8 42. e6 Qe4 43. Qb4 Qxe6 44. Qxb5 Kh7 45. Qc5 a6 46. h4 Qe4
47. Qd6 Qe1+ 48. Ka2 Qxh4 49. Qd4 Qg4 50. Qxc4 h5 51. a4 h4 52. Qxa6 Qxf4 53.
a5 h3 54. Qd3 Qa4+ 55. Kb1 Qe4 0-1

[Event "XXIIè OPEN DEL CATALUNYA ESCAC"]
[Site "Casinet de Hostafrancs"]
[Date "2008.03.17"]
[Round "2.3"]
[White "Martin Grillo, Ruben"]
[Black "Palacios Pena, Gerardo"]
[Result "1-0"]
[WhiteElo "2215"]
[BlackElo "2009"]
[PlyCount "125"]
[EventDate "2008.03.16"]

1. e4 c6 2. d4 d5 3. exd5 cxd5 4. c4 e6 5. Nc3 Nf6 6. Nf3 Be7 7. Bg5 O-O 8. a3
dxc4 9. Bxc4 Nc6 10. O-O a6 11. b4 b5 12. Bb3 Bb7 13. Qd3 Nd5 14. Ne4 f5 15.
Bxe7 fxe4 16. Bxd8 exd3 17. Bxd5 exd5 18. Bb6 Rae8 19. Rfd1 Re2 20. Rxd3 Rfe8
21. Rd2 Rxd2 22. Nxd2 Re2 23. Rd1 Bc8 24. Kf1 Re8 25. Nb3 Bf5 26. Nc5 Ra8 27.
Ba5 Kf7 28. f3 h5 29. g3 g5 30. Kf2 Kg6 31. Rd2 Kf7 32. Kg2 Kg6 33. h3 g4 34.
fxg4 hxg4 35. hxg4 Bxg4 36. Nd3 Bf5 37. Nf2 Nxa5 38. bxa5 Rc8 39. g4 Bd7 40.
Rd3 Rc4 41. Kg3 Ra4 42. Nh3 Bc6 43. Nf4+ Kg7 44. g5 Rxa5 45. Rc3 Be8 46. Rc7+
Kf8 47. Nxd5 Rxa3+ 48. Kf4 Ra1 49. Nf6 Bg6 50. d5 Rf1+ 51. Ke5 Re1+ 52. Kd6 Bf5
53. Nd7+ Bxd7 54. Kxd7 b4 55. Rb7 Re5 56. d6 Rxg5 57. Rxb4 Rc5 58. Rf4+ Kg7 59.
Ke7 Re5+ 60. Kd8 Rc5 61. d7 a5 62. Ke7 Re5+ 63. Kd6 1-0

[Event "XXIIè OPEN DEL CATALUNYA ESCAC"]
[Site "Casinet de Hostafrancs"]
[Date "2008.03.17"]
[Round "2.4"]
[White "Colom Andres, Xavier"]
[Black "Capellades Subirana, Marc"]
[Result "0-1"]
[WhiteElo "2007"]
[BlackElo "2214"]
[PlyCount "100"]
[EventDate "2008.03.16"]

1. d4 Nf6 2. c4 e6 3. Nf3 Bb4+ 4. Nbd2 b6 5. e3 Bb7 6. Bd3 Ne4 7. O-O Nxd2 8.
Nxd2 O-O 9. a3 Bxd2 10. Bxd2 f5 11. b4 d6 12. Qc2 Qh4 13. f3 Nd7 14. Bc3 Qh5
15. Rae1 e5 16. d5 f4 17. Bd2 fxe3 18. Bxe3 a5 19. Be4 Nf6 20. Bf5 Bc8 21. Bxc8
Rfxc8 22. Qb3 Qf7 23. Rd1 Rab8 24. b5 Qh5 25. Bc1 Rf8 26. Qe3 Qh4 27. Qe2 Rbe8
28. g3 Qh5 29. g4 Qg6 30. h3 Nh5 31. Kh2 Nf4 32. Bxf4 exf4 33. Qd3 Qf6 34. Qd2
Re3 35. Rde1 Qe5 36. Kg2 Re8 37. Kf2 Qg5 38. Kg2 Qe7 39. Rxe3 Qxe3 40. Rd1 Qe2+
41. Qxe2 Rxe2+ 42. Kf1 Re3 43. Rd4 Rxf3+ 44. Kg2 Rg3+ 45. Kh2 g5 46. Re4 Kf7
47. Re6 Rxa3 48. Rh6 Ra2+ 49. Kg1 Kg8 50. Re6 Rc2 0-1

[Event "XXIIè OPEN DEL CATALUNYA ESCAC"]
[Site "Casinet de Hostafrancs"]
[Date "2008.03.17"]
[Round "2.5"]
[White "Ridameya Tatche, Jose"]
[Black "Mas Recorda, Pere"]
[Result "1/2-1/2"]
[WhiteElo "2141"]
[BlackElo "1984"]
[PlyCount "43"]
[EventDate "2008.03.16"]

1. d4 e6 2. e4 d5 3. Nd2 Nf6 4. e5 Nfd7 5. Ngf3 c5 6. c3 Nc6 7. Be2 Qb6 8. Nb3
cxd4 9. cxd4 a5 10. a4 Bb4+ 11. Kf1 f6 12. Bf4 O-O 13. exf6 Nxf6 14. Bd3 Ne4
15. Be3 Be7 16. Kg1 Nf6 17. Ne5 Bd7 18. Qc2 Be8 19. Nc5 Bxc5 20. dxc5 Qc7 21.
Nxc6 Bxc6 22. Bg5 1/2-1/2

[Event "XXIIè OPEN DEL CATALUNYA ESCAC"]
[Site "Casinet de Hostafrancs"]
[Date "2008.03.17"]
[Round "2.6"]
[White "Bonay Toscas, Santiago"]
[Black "Lacasta Palacios, Joaquim"]
[Result "0-1"]
[WhiteElo "1942"]
[BlackElo "2120"]
[PlyCount "68"]
[EventDate "2008.03.16"]

1. d4 f5 2. c4 Nf6 3. g3 e6 4. Bg2 Bb4+ 5. Nc3 O-O 6. Nf3 Ne4 7. Qc2 c5 8. O-O
Bxc3 9. bxc3 Qa5 10. Bb2 d6 11. Rfd1 Nd7 12. Nd2 Nxd2 13. Rxd2 Nb6 14. Qd3 Qa4
15. e3 Nxc4 16. Qc2 Qa5 17. Rdd1 d5 18. Bf1 Bd7 19. Bxc4 dxc4 20. a4 Bc6 21.
dxc5 Rfd8 22. Rd4 Qxc5 23. Ba3 Qe5 24. Rad1 Bd5 25. Qb2 Qc7 26. Qb5 b6 27. Qb4
Rac8 28. Qe7 Rd7 29. Qb4 Rcd8 30. Qb5 h6 31. Kf1 Kh7 32. Ke1 a6 33. Qxa6 e5 34.
R4d2 Bf3 0-1

[Event "XXIIè OPEN DEL CATALUNYA ESCAC"]
[Site "Casinet de Hostafrancs"]
[Date "2008.03.17"]
[Round "2.7"]
[White "Fernandez Gonzalez, Julio Honor"]
[Black "Vargas Drechsler, Carlos"]
[Result "1-0"]
[WhiteElo "2105"]
[BlackElo "1930"]
[PlyCount "99"]
[EventDate "2008.03.16"]

1. d4 Nf6 2. Nf3 g6 3. g3 Bg7 4. Bg2 O-O 5. c4 d5 6. cxd5 Nxd5 7. Nc3 Nxc3 8.
bxc3 c5 9. O-O cxd4 10. cxd4 Nc6 11. e3 e5 12. Ba3 Re8 13. d5 Qa5 14. dxc6 Qxa3
15. Ng5 bxc6 16. Bxc6 Ba6 17. Qd5 Qf8 18. Bxa8 Bxf1 19. Rxf1 h6 20. Ne4 Rxa8
21. Rd1 Rc8 22. a4 Kh7 23. a5 f5 24. Nd6 Rd8 25. Qe6 Bf6 26. Rd2 Qe7 27. Qd5
Bg7 28. Qc6 Qd7 29. Qxd7 Rxd7 30. a6 e4 31. Nxe4 Rc7 32. Nd6 Rc6 33. Ne8 Re6
34. Nxg7 Kxg7 35. Rd7+ Kf6 36. Rxa7 Rb6 37. Ra8 Rb1+ 38. Kg2 Ra1 39. a7 Kg7 40.
Kf3 g5 41. h4 Ra4 42. hxg5 hxg5 43. Ke2 g4 44. Kd3 Ra3+ 45. Kd4 Ra4+ 46. Ke5
Ra5+ 47. Ke6 Kh7 48. Kf6 f4 49. exf4 Ra6+ 50. Kf5 1-0

[Event "XXIIè OPEN DEL CATALUNYA ESCAC"]
[Site "Casinet de Hostafrancs"]
[Date "2008.03.17"]
[Round "2.9"]
[White "Moreno Crespo, Lorenzo"]
[Black "Slimani, Abderezzak"]
[Result "0-1"]
[WhiteElo "1907"]
[BlackElo "2085"]
[PlyCount "74"]
[EventDate "2008.03.16"]

1. d4 g6 2. c4 Bg7 3. Nf3 d6 4. e4 c5 5. Nc3 cxd4 6. Nxd4 Nc6 7. Nxc6 bxc6 8.
Qc2 Nf6 9. Be2 O-O 10. O-O a5 11. Rb1 Nd7 12. Be3 Nc5 13. Bxc5 dxc5 14. Rfd1
Bd4 15. Na4 Qc7 16. Qd2 Kg7 17. Qg5 h6 18. Qg3 e5 19. Bg4 Bxg4 20. Qxg4 f5 21.
exf5 Rxf5 22. Rd2 Raf8 23. Rf1 Rf4 24. Qh3 Qe7 25. Qg3 e4 26. Re2 e3 27. f3 Qe4
28. Rd1 Qe6 29. b3 Qf5 30. Qe1 g5 31. h3 h5 32. Qg3 g4 33. hxg4 hxg4 34. Kf1
Rh8 35. Rc2 Qg6 36. Rcc1 Rh1+ 37. Ke2 gxf3+ 0-1

[Event "XXIIè OPEN DEL CATALUNYA ESCAC"]
[Site "Casinet de Hostafrancs"]
[Date "2008.03.17"]
[Round "2.10"]
[White "Rodriguez Martin, Manuel"]
[Black "Fabregas Fontanet, Antonio"]
[Result "0-1"]
[WhiteElo "1886"]
[BlackElo "2048"]
[PlyCount "46"]
[EventDate "2008.03.16"]

1. e4 d6 2. d4 g6 3. Nc3 Bg7 4. g3 Nf6 5. Bg2 O-O 6. Nge2 c6 7. O-O Nbd7 8. h3
e5 9. Be3 Re8 10. Qd2 b5 11. a3 Qc7 12. Rad1 Nb6 13. b3 a5 14. dxe5 dxe5 15.
Qd6 Qb7 16. Nxb5 Nbd7 17. Nbc3 Bf8 18. Qd2 Bxa3 19. Kh1 Bb4 20. Qd3 Qc7 21. Qc4
Ba6 22. Rxd7 Nxd7 23. Nd5 Qd6 0-1

[Event "XXIIè OPEN DEL CATALUNYA ESCAC"]
[Site "Casinet de Hostafrancs"]
[Date "2008.03.17"]
[Round "2.11"]
[White "Alcaraz Lopez, Francesc"]
[Black "Campo Echevarria, Juan Francisco"]
[Result "1/2-1/2"]
[WhiteElo "1859"]
[BlackElo "2039"]
[PlyCount "72"]
[EventDate "2008.03.16"]

1. c4 e5 2. Nc3 Nc6 3. Nf3 Nf6 4. d4 exd4 5. Nxd4 Nxd4 6. Qxd4 b6 7. Bg5 Be7 8.
Bxf6 gxf6 9. O-O-O Bb7 10. e4 Bc5 11. Qd2 Bb4 12. f3 Qe7 13. a3 Bxc3 14. Qxc3
O-O-O 15. Bd3 Rhg8 16. Rd2 h5 17. Bc2 Rg7 18. g3 Rdg8 19. Rhd1 d6 20. Qd3 h4
21. g4 Qe5 22. Qe3 Qg5 23. Qxg5 fxg5 24. h3 Bc6 25. b4 Re8 26. b5 Bb7 27. Re1
Re5 28. Kb2 Rg6 29. Rf2 Rf6 30. Ree2 a6 31. a4 axb5 32. cxb5 Rc5 33. Kb3 Kd7
34. Re3 Ke6 35. Ka3 Ke5 36. Rfe2 Kf4 1/2-1/2

[Event "XXIIè OPEN DEL CATALUNYA ESCAC"]
[Site "Casinet de Hostafrancs"]
[Date "2008.03.18"]
[Round "3.1"]
[White "Ruiz Mata, Oscar"]
[Black "Mila Tejera, Jordi"]
[Result "1/2-1/2"]
[WhiteElo "2256"]
[BlackElo "2031"]
[PlyCount "155"]
[EventDate "2008.03.16"]

1. d4 Nf6 2. c4 g6 3. Nc3 Bg7 4. e4 d6 5. f3 O-O 6. Be3 c5 7. dxc5 dxc5 8. Qxd8
Rxd8 9. Bxc5 Nc6 10. Nd5 Nd7 11. Bxe7 Nxe7 12. Nxe7+ Kf8 13. Nd5 Bxb2 14. Rb1
Bg7 15. Nh3 Nc5 16. Nf2 Be6 17. Be2 Na4 18. Nd1 b6 19. O-O Rac8 20. Rb4 b5 21.
Rxb5 Nb6 22. N1e3 Bd4 23. Kh1 Bxe3 24. Nxe3 Rd2 25. Re1 Nxc4 26. Bxc4 Bxc4 27.
Ra5 Bxa2 28. Rxa7 Re2 29. Rg1 Rc3 30. Nf1 Rcc2 31. h4 Be6 32. Kh2 Kg7 33. Ra3
h6 34. Ne3 Rcd2 35. Kg3 Kf6 36. Rc3 Rb2 37. Rgc1 Ra2 38. Rg1 Rab2 39. Ra3 Rbd2
40. Kf4 g5+ 41. hxg5+ hxg5+ 42. Kg3 Kg6 43. Rc3 Rb2 44. Rgc1 Ra2 45. Rd1 Rab2
46. Rf1 Rbd2 47. Rfc1 Ra2 48. Rf1 Rad2 49. f4 gxf4+ 50. Kxf4 Rb2 51. g4 Rf2+
52. Rxf2 Rxf2+ 53. Kg3 Ra2 54. Rc2 Ra3 55. Kf4 Ra5 56. Nf5 Ra4 57. Rc6 Ra5 58.
Nd4 Kf6 59. Rb6 Rc5 60. Rc6 Ra5 61. Nf3 Rb5 62. Ra6 Rc5 63. Nd4 Ke7 64. Nxe6
fxe6 65. g5 Kf7 66. Kg4 Re5 67. Kh5 Rxe4 68. Ra7+ Kf8 69. Kg6 Rb4 70. Ra8+ Ke7
71. Kg7 e5 72. g6 Rh4 73. Rh8 Rg4 74. Rh1 e4 75. Kh7 Kf6 76. Rf1+ Ke5 77. g7
Kd4 78. g8=Q 1/2-1/2

[Event "XXIIè OPEN DEL CATALUNYA ESCAC"]
[Site "Casinet de Hostafrancs"]
[Date "2008.03.18"]
[Round "3.2"]
[White "Slimani, Abderezzak"]
[Black "Martin Grillo, Ruben"]
[Result "0-1"]
[WhiteElo "2085"]
[BlackElo "2215"]
[PlyCount "56"]
[EventDate "2008.03.16"]

1. d4 d5 2. Bf4 c5 3. e3 Nf6 4. c3 Qb6 5. Qc1 cxd4 6. exd4 Bf5 7. Bxb8 Rxb8 8.
Qf4 Rd8 9. Qxf5 Qxb2 10. Be2 e6 11. Qd3 Qxa1 12. Qb5+ Nd7 13. Nf3 Qxa2 14. Ne5
Bd6 15. Nxd7 Rxd7 16. O-O a6 17. Qd3 O-O 18. f4 f5 19. g4 Qa5 20. Qh3 Qc7 21.
Bd3 g6 22. Qe3 Re7 23. g5 a5 24. Bb5 Ra8 25. Nd2 a4 26. c4 b6 27. Qf3 Ra5 28.
Rd1 Bxf4 0-1

[Event "XXIIè OPEN DEL CATALUNYA ESCAC"]
[Site "Casinet de Hostafrancs"]
[Date "2008.03.18"]
[Round "3.3"]
[White "Capellades Subirana, Marc"]
[Black "Vives Cabau, Jordi"]
[Result "1/2-1/2"]
[WhiteElo "2214"]
[BlackElo "2014"]
[PlyCount "91"]
[EventDate "2008.03.16"]

1. e4 e5 2. Nf3 Nc6 3. Bc4 Nf6 4. d3 d5 5. exd5 Nxd5 6. h3 Bc5 7. Bg5 f6 8. Bd2
Be6 9. Qe2 Qe7 10. c3 O-O 11. O-O Rfe8 12. Re1 a6 13. Bb3 Rad8 14. Bc2 Qf7 15.
Qe4 g6 16. Qe2 Re7 17. Nh2 Nf4 18. Bxf4 exf4 19. Qd1 Kg7 20. Nd2 Bf5 21. Bb3
Qf8 22. Rxe7+ Qxe7 23. d4 Bd6 24. Nc4 Re8 25. Nf3 b5 26. Nxd6 Qxd6 27. Qd2 Na5
28. Re1 Nxb3 29. axb3 Rxe1+ 30. Qxe1 Qe6 31. Qxe6 Bxe6 32. b4 g5 33. Nd2 h5 34.
Ne4 Kg6 35. Nc5 Bc8 36. Kf1 f3 37. g4 hxg4 38. hxg4 f5 39. gxf5+ Kxf5 40. Kg1
Kf4 41. Kh2 g4 42. Nd3+ Ke4 43. Ne5 Kf4 44. Ng6+ Ke4 45. Ne5 Kf4 46. Ng6+
1/2-1/2

[Event "XXIIè OPEN DEL CATALUNYA ESCAC"]
[Site "Casinet de Hostafrancs"]
[Date "2008.03.18"]
[Round "3.5"]
[White "Fabregas Fontanet, Antonio"]
[Black "Fernandez Gonzalez, Julio Honor"]
[Result "0-1"]
[WhiteElo "2048"]
[BlackElo "2105"]
[PlyCount "54"]
[EventDate "2008.03.16"]

1. e4 e5 2. Nf3 Nc6 3. Bb5 a6 4. Ba4 d6 5. c3 Bd7 6. O-O Nge7 7. d4 Ng6 8. Na3
b5 9. Bb3 Be7 10. g3 Na5 11. Bc2 Bg4 12. b4 Nc6 13. d5 Nb8 14. c4 Qd7 15. cxb5
axb5 16. Bd3 O-O 17. Bxb5 c6 18. Be2 cxd5 19. exd5 f5 20. Nc4 f4 21. Nfd2 Bxe2
22. Qxe2 f3 23. Qe4 Rf4 24. Qd3 e4 25. Nxe4 Qh3 26. Ne3 Ne5 27. Qc2 Ng4 0-1